[Event "AUTO-OPEN-163"]
[Site "http://www.queenalice.com/game.php?id=34348"]
[Date "2005.10.22"]
[Round "1"]
[White "refutor"]
[Black "Pretenho"]
[Result "1/2-1/2"]
[WhiteElo "1651"]
[BlackElo "1476"]

1. d4 Nf6 2. c4 g6 3. Nc3 Nc6 4. Nf3 e6 5. e4 d6 6. Be2 Ng4 7. h3 Nf6 8. O-O d5
9. cxd5 exd5 10. e5 Ne4 11. Be3 Bg7 12. Nd2 Bf5 13. f3 Ng3 14. Rf2 Nb4 15. f4
Nc2 16. Rf3 Nxa1 17. Qxa1 Qh4 18. Bf2 Nxe2+ 19. Nxe2 Qe7 20. Nc3 c6 21. g4 Be4
22. Ncxe4 dxe4 23. Nxe4 f5 24. gxf5 gxf5 25. Nf6+ Bxf6 26. exf6 Qxf6 27. Re3+
Kd8 28. Rg3 h5 29. Qd1 h4 30. Rg5 b5 31. Qb3 Qd6 32. Rg8+ Kc7 33. Qf7+ Qd7 34.
Qxd7+ Kxd7 35. Rxa8 Rxa8 36. Bxh4 Rh8 1/2-1/2

[Event "AUTO-OPEN-163"]
[Site "http://www.queenalice.com/game.php?id=34349"]
[Date "2005.10.22"]
[Round "1"]
[White "Pretenho"]
[Black "refutor"]
[Result "0-1"]
[WhiteElo "1483"]
[BlackElo "1644"]

1. e4 c6 2. d4 d5 3. e5 Bf5 4. Nf3 e6 5. Be2 Ne7 6. O-O Nd7 7. Bd2 c5 8. Bb5 Nc6
9. c3 cxd4 10. cxd4 Qb6 11. Nc3 Nxd4 12. Bxd7+ Kxd7 13. Qa4+ Nc6 14. Be3 Qc7 15.
Nb5 Qa5 16. Qb3 a6 17. Bd2 Qb6 18. Be3 Qxb5 19. Ng5 Qxb3 20. axb3 Nxe5 21. Rac1
Be7 22. Bb6 Bxg5 23. Rc7+ Kd6 24. Rfc1 Bxc1 25. Rxc1 Rhc8 26. Re1 Rc6 27. Be3
Rac8 28. h3 Nd3 29. Rd1 Nxb2 30. Rd2 Nd3 31. g4 Bg6 32. h4 Ne5 33. b4 Nxg4 34.
Bd4 Rc4 35. Bxg7 Ne5 36. Bf6 Nf3+ 0-1

[Event "AUTO-OPEN-163"]
[Site "http://www.queenalice.com/game.php?id=34372"]
[Date "2005.10.22"]
[Round "1"]
[White "oki_doki"]
[Black "Pretenho"]
[Result "1-0"]
[WhiteElo "1428"]
[BlackElo "1397"]

1. d4 d5 2. c4 dxc4 3. Nc3 e6 4. e3 Bd6 5. Bxc4 c6 6. Nf3 Nf6 7. e4 Nfd7 8. O-O
b5 9. Bd3 e5 10. d5 Nc5 11. dxc6 Nxc6 12. Bxb5 Bb7 13. Qd5 Rc8 14. Nxe5 Qf6 15.
Nxc6 a6 16. e5 Qe6 17. Qxe6+ fxe6 18. exd6 axb5 19. Ne5 O-O 20. Nxb5 Ba6 21. Nc7
1-0

[Event "AUTO-OPEN-163"]
[Site "http://www.queenalice.com/game.php?id=34373"]
[Date "2005.10.22"]
[Round "1"]
[White "Pretenho"]
[Black "oki_doki"]
[Result "0-1"]
[WhiteElo "1382"]
[BlackElo "1443"]

1. e4 e6 2. e5 d5 3. d4 c5 4. c3 Nc6 5. Nf3 Bd7 6. Bd3 cxd4 7. cxd4 Qb6 8. O-O
Nxd4 9. Nxd4 Qxd4 10. Qe2 Bb4 11. a3 Ba5 12. Ra2 Bb6 13. Be3 Qh4 14. b4 Nh6 15.
h3 O-O 16. Bxb6 axb6 17. Nd2 b5 18. Nf3 Qe7 19. Rc1 Bc6 20. Bb1 Nf5 0-1

[Event "AUTO-OPEN-163"]
[Site "http://www.queenalice.com/game.php?id=34386"]
[Date "2005.10.22"]
[Round "1"]
[White "drup"]
[Black "Pretenho"]
[Result "1-0"]
[WhiteElo "1539"]
[BlackElo "1476"]

1. c4 e5 2. Nf3 d6 3. g3 c5 4. Bg2 Nc6 5. d3 Nf6 6. Nc3 Be6 7. O-O Be7 8. Qd2
Nh5 9. Ng5 Bxg5 10. Qxg5 g6 11. Qxd8+ Nxd8 12. Nb5 O-O 13. Nxd6 Nc6 14. Nxb7 Nb4
15. Nxc5 Nc2 16. Nxe6 fxe6 17. Bh6 Rfb8 18. Rac1 Rxb2 19. Bxa8 Rxa2 20. c5 Nb4
21. c6 1-0

[Event "AUTO-OPEN-163"]
[Site "http://www.queenalice.com/game.php?id=34387"]
[Date "2005.10.22"]
[Round "1"]
[White "Pretenho"]
[Black "drup"]
[Result "1-0"]
[WhiteElo "1456"]
[BlackElo "1555"]

1. e4 e6 2. e5 Nc6 3. d4 d5 4. Nf3 f6 5. Bd3 Bb4+ 6. c3 Ba5 7. O-O a6 8. b4 Bb6
9. a4 fxe5 10. dxe5 Nge7 11. a5 Ba7 12. Ng5 O-O 13. Bxh7+ Kh8 14. Qh5 Rf6 15.
exf6 Ng8 16. Nf7# 1-0

[Event "sampa"]
[Site "http://www.queenalice.com/game.php?id=35714"]
[Date "2005.10.31"]
[Round "-"]
[White "Simone"]
[Black "Pretenho"]
[Result "1-0"]
[WhiteElo "1417"]
[BlackElo "1425"]

1. b3 e5 2. Bb2 Nc6 3. Bc3 d5 4. e3 e4 5. h3 Bd6 6. Bxg7 Be5 7. Bxh8 Bxh8 8. c3
Be6 9. Bb5 a6 10. Bxc6+ bxc6 11. Ne2 c5 12. Qc2 Nf6 13. Qb2 c6 14. Qa3 Qb6 15.
Nf4 Bf5 16. Qb2 a5 17. a4 c4 18. b4 axb4 19. cxb4 c5 20. b5 d4 21. Ne2 Nd5 22.
exd4 cxd4 23. O-O Ke7 24. Qa3+ Kd7 25. Ng3 Bg6 26. Ne2 d3 27. Nec3 Nf4 28. a5
Rxa5 29. Qxa5 1-0

[Event "AUTO-OPEN-171"]
[Site "http://www.queenalice.com/game.php?id=37083"]
[Date "2005.11.9"]
[Round "1"]
[White "Pretenho"]
[Black "refutor"]
[Result "0-1"]
[WhiteElo "1476"]
[BlackElo "1738"]

1. e4 e5 2. Nf3 Nc6 3. Bb5 a6 4. Ba4 Nf6 5. d3 b5 6. Bb3 Be7 7. Ng5 d5 8. O-O
Na5 9. Bxd5 Nxd5 10. exd5 Bxg5 11. Bd2 Bxd2 12. Qxd2 c5 13. dxc6 Nxc6 14. Qe3
O-O 15. Qf3 Bd7 16. Nd2 Nd4 17. Qe4 Nxc2 18. Rac1 Nd4 19. Qxe5 Ne6 20. Ne4 Rc8
21. Rcd1 Bc6 22. Nd6 Rc7 23. d4 Rd7 24. d5 Rxd6 25. dxe6 Rxd1 26. exf7+ Rxf7 27.
Qc3 Rxf1+ 28. Kxf1 Qd1+ 29. Qe1 Bxg2+ 0-1

[Event "AUTO-OPEN-171"]
[Site "http://www.queenalice.com/game.php?id=37096"]
[Date "2005.11.9"]
[Round "1"]
[White "Pretenho"]
[Black "Kritikos"]
[Result "0-1"]
[WhiteElo "1409"]
[BlackElo "1483"]

1. e4 e5 2. Nf3 d6 3. Nc3 Nf6 4. Bc4 Bg4 5. h3 Bh5 6. O-O Nc6 7. Ng5 Bxd1 8.
Nxf7 Qd7 9. Nxd1 d5 10. Nxh8 dxc4 11. Ne3 O-O-O 12. b3 cxb3 13. axb3 Bc5 14. Ng4
Rxh8 15. Nh2 h5 16. d3 g5 17. Bxg5 Rg8 18. Bxf6 Qxh3 19. g3 Bxf2+ 20. Kxf2 Qxh2+
21. Ke1 Qxg3+ 22. Kd2 Qg2+ 23. Kc3 a6 24. Rg1 Qxg1 25. Rxg1 Rxg1 26. Kc4 Rh1 27.
c3 h4 28. b4 b5+ 29. Kc5 Kd7 30. Kd5 h3 31. Bxe5 Nxe5 32. Kxe5 Rc1 0-1

[Event "AUTO-OPEN-171"]
[Site "http://www.queenalice.com/game.php?id=37097"]
[Date "2005.11.9"]
[Round "1"]
[White "Kritikos"]
[Black "Pretenho"]
[Result "1-0"]
[WhiteElo "1496"]
[BlackElo "1396"]

1. d4 d5 2. c4 dxc4 3. e4 b5 4. Nc3 a6 5. Nf3 Bg4 6. Be2 Nc6 7. d5 Na5 8. Ne5
Bxe2 9. Qxe2 Qd6 10. Bf4 Qf6 11. h3 Qxf4 12. Nc6 Nb7 13. g3 Qf6 14. O-O g6 15.
e5 Qf5 16. g4 Qf4 17. e6 f6 18. Qe3 Qxe3 19. fxe3 Bh6 20. Rfe1 Nc5 21. Nb4 a5
22. Nxb5 Rc8 23. Nc6 Nd3 24. Re2 f5 25. gxf5 gxf5 26. Nxa5 Nf6 27. Nc6 Nxd5 28.
e4 N5f4 29. Rc2 Rg8+ 30. Kh2 Nxe6 31. exf5 Bf4+ 32. Kh1 1-0

[Event "AUTO-INT-36"]
[Site "http://www.queenalice.com/game.php?id=38485"]
[Date "2005.11.18"]
[Round "2"]
[White "randz12"]
[Black "Pretenho"]
[Result "1-0"]
[WhiteElo "1432"]
[BlackElo "1477"]

1. e4 e5 2. Qh5 Nc6 3. Bc4 Nh6 4. d3 g6 5. Qf3 Nd4 6. Qd1 d6 7. c3 b5 8. Bb3 Nc6
9. Bxh6 Bxh6 10. Qf3 b4 11. Qxf7# 1-0

[Event "AUTO-INT-36"]
[Site "http://www.queenalice.com/game.php?id=38486"]
[Date "2005.11.18"]
[Round "2"]
[White "Pretenho"]
[Black "randz12"]
[Result "0-1"]
[WhiteElo "1452"]
[BlackElo "1425"]

1. e4 e5 2. Nf3 Nf6 3. Nc3 Bb4 4. Nxe5 Qe7 5. d4 Nxe4 6. Qf3 Nxc3 7. bxc3 Ba5 8.
Bc4 f6 9. O-O fxe5 10. Re1 d6 11. dxe5 dxe5 12. Bf7+ Qxf7 13. Rxe5+ Be6 14. Qxb7
Bxc3 15. Qc8+ Ke7 16. Bg5+ Kd6 17. Rxe6+ Qxe6 0-1

[Event "tupiniquim"]
[Site "http://www.queenalice.com/game.php?id=41693"]
[Date "2005.12.5"]
[Round "-"]
[White "valdir"]
[Black "Pretenho"]
[Result "1-0"]
[WhiteElo "1583"]
[BlackElo "1435"]

1. b3 e5 2. Bb2 d6 3. e3 c5 4. Bc4 Be6 5. Bxe6 fxe6 6. Qh5+ g6 7. Qg4 Qf6 8.
Qa4+ Nd7 9. Qb5 Rb8 10. a4 a6 11. Qxa6 bxa6 12. a5 1-0